Integrátor ekonomická veda a prax

Salvato in:
Dettagli Bibliografici
Natura: Periodico
Lingua:slovacco
Pubblicazione: Bratislava Ekonomická univerzita 1992
Soggetti:
Tags: Aggiungi Tag
Nessun Tag, puoi essere il primo ad aggiungerne!!

MARC

LEADER 00000nas2a2200000 4500
001 s016314
005 20240109094031.0
041 0 |a slo 
044 |a SK 
245 1 0 |a Integrátor  |b ekonomická veda a prax 
264 1 |a Bratislava  |b Ekonomická univerzita  |c 1992 
300 |a 1 zv. 
773 0 |w eu_un_cat*s120782 
610 2 0 |a veda ekonomická